000 00884nam a2200253Ia 4500
003 OSt
005 20220923221342.0
006 a|||||r|||| 00| 0
007 ta
008 220922b |||||||| |||| 00| 0 hin d
024 _a197,361
037 _cTextual
040 _aARTS
_cARTS
_bhin
041 _2hin
_ahin
082 _aO152,6NMEx, L7
100 _aमेहता, जगन्नाथ
_9156279
245 0 _aशिक्षा और संस्कृति देश में
_b विदेश में
246 _aShikṣhā aur sanskṛuti desh mean: videsh mean
260 _aजयपुर
_b चिन्मय प्रका0
_c1977
300 _a79पृ.
_ccm.
650 _aहिन्दी साहित्य
_9156264
942 _hO152,6NMEx, L7
_cTEXL
_2CC
999 _c349232
_d349232